| Tag |
First Indicator |
Second Indicator |
Subfields |
| LEADER |
00000cam a2200000 a 4500 |
| 001 |
in00000087345 |
| 005 |
20151008062919.0 |
| 008 |
820527s1982 onc b 00110 eng |
| 010 |
|
|
|a 82147051
|
| 015 |
|
|
|a C***
|
| 020 |
|
|
|a 0802055575
|
| 020 |
|
|
|a 0802064418 (pbk.)
|
| 035 |
|
|
|a (OCoLC)08440055
|
| 035 |
|
|
|9 AAK1192AM
|
| 039 |
0 |
|
|a 2
|b 3
|c 3
|d 3
|e 3
|
| 040 |
|
|
|a DLC
|c DLC
|d TXA
|d UtOrBLW
|
| 043 |
|
|
|a n-cn---
|
| 049 |
|
|
|a TXAM
|c [1633212]
|
| 050 |
0 |
0 |
|a F1027
|b S562 1982
|
| 082 |
0 |
|
|a 971/.004114
|2 19
|
| 100 |
1 |
|
|a Silver, A. I.
|
| 245 |
1 |
4 |
|a The French-Canadian idea of Confederation, 1864-1900 /
|c A.I. Silver.
|
| 264 |
|
1 |
|a Toronto ;
|a Buffalo :
|b University of Toronto Press,
|c [1982]
|
| 264 |
|
4 |
|c ©1982
|
| 300 |
|
|
|a ix, 257 pages ;
|c 24 cm.
|
| 336 |
|
|
|a text
|b txt
|2 rdacontent
|
| 337 |
|
|
|a unmediated
|b n
|2 rdamedia
|
| 338 |
|
|
|a volume
|b nc
|2 rdacarrier
|
| 500 |
|
|
|a Includes index.
|
| 504 |
|
|
|a Bibliography: pages [245]-249.
|
| 650 |
|
0 |
|a French-Canadians
|x Attitudes
|x History
|y 19th century.
|
| 651 |
|
0 |
|a Canada
|x English-French relations.
|
| 651 |
|
0 |
|a Canada
|x History
|y 1867-
|
| 999 |
|
|
|a MARS
|
| 999 |
f |
f |
|s a4d37ae9-44c4-33e3-bc9f-317e5aada1a3
|i 5188274d-91e5-3a18-8540-e24836a61576
|t 0
|
| 952 |
f |
f |
|p ric
|a Texas A&M University
|b Rellis Campus
|c Joint Library Facility
|d Remote Storage
|t 0
|e F1027 .S562 1982
|h Library of Congress classification
|i unmediated -- volume
|m A14805981185
|
| 998 |
f |
f |
|a F1027 .S562 1982
|t 0
|l Remote Storage
|